000 00311nam a2200133Ia 4500
005 20251222141917.0
008 251222s9999||||xx |||||||||||||| ||spa||
082 _a860.853/J64
100 _aJochamowitz, Luis
245 0 _aContradicciones
250 _a1ra.ed.
264 _bEditorial Peisa, S.A.
942 _cLIB
999 _c8597
_d8597